|
|
|
|
| LEADER |
01839nam a2200457 a 4500 |
| 001 |
000009322 |
| 003 |
CZ BrMZK |
| 005 |
20250911055911.0 |
| 007 |
ta |
| 008 |
940919s1994 xr a e f 000 ccze d |
| 015 |
|
|
|a cnb000089385
|
| 020 |
|
|
|c 135.00
|
| 035 |
|
|
|a (OCoLC)34557919
|
| 040 |
|
|
|a BOA001
|b cze
|
| 043 |
|
|
|a n-us---
|
| 045 |
|
|
|a v-x-
|
| 072 |
|
7 |
|a 32
|x Politika
|2 Konspekt
|9 15
|
| 080 |
|
|
|a 32-051
|2 MRF
|
| 080 |
|
|
|a 328/329
|2 MRF
|
| 080 |
|
|
|a (73)
|2 MRF
|
| 080 |
|
|
|a (0.062)
|2 MRF
|
| 100 |
1 |
|
|a Mareš, Petr,
|d 1953-
|7 jn20000401729
|4 aut
|
| 245 |
1 |
0 |
|a Prezidenti Spojených států /
|c Petr Mareš ; ilustrace Jarmila Marešová
|
| 260 |
|
|
|a Praha :
|b Práh,
|c 1994
|
| 300 |
|
|
|a 61 s. :
|b barev. il.
|
| 500 |
|
|
|a Dostupné též v digitální podobě v aplikaci Kramerius
|
| 648 |
|
7 |
|a 18.-20. století
|7 ch757019
|2 czenas
|
| 650 |
0 |
7 |
|a prezidenti
|7 ph124601
|z Spojené státy americké
|y 18.-20. století
|2 czenas
|
| 650 |
0 |
9 |
|a presidents
|z United States
|y 18th-20th centuries
|2 eczenas
|
| 651 |
|
7 |
|a Spojené státy americké
|7 ge128584
|x politika a vláda
|y 18.-20. století
|2 czenas
|
| 651 |
|
9 |
|a United States
|x politics and government
|y 18th-20th centuries
|2 eczenas
|
| 655 |
|
7 |
|a populárně-naučné publikace
|7 fd131864
|2 czenas
|
| 655 |
|
9 |
|a popular works
|2 eczenas
|
| 700 |
1 |
|
|a Marešová, Jarmila,
|d 1953-
|7 ola2002158827
|4 ill
|
| 856 |
4 |
1 |
|u http://www.digitalniknihovna.cz/mzk/uuid/uuid:6f558920-3d30-11e6-ab2f-005056827e52
|y Digitalizovaný dokument
|x NDK
|
| 910 |
|
|
|a BOA001
|b 4-1002.054
|b PK-N-0031.267
|
| 920 |
|
|
|a 000048990
|
| 964 |
|
|
|a Prezidenti američtí
|x portréty
|
| 990 |
|
|
|a BK
|
| 996 |
7 |
|
|b 2610012234
|c 4-1002.054
|l MZK
|r Sklad / do 1 hodiny
|n 17
|p kup
|w 000009322
|u 000010
|a 1
|e BOA001
|j MZK50
|s A
|
| 996 |
7 |
|
|b 3119980608
|c PK-N-0031.267
|l MZK
|r Sklad / do 1 hodiny
|n 10
|w 000009322
|u 000020
|a 1
|e BOA001
|j MZK50
|s A
|